Pracovný pomer na určitú dobu

Pracovný pomer sa zakladá písomnou pracovnou zmluvou, čo všetko má byť jej obsahom. Pracovný pomer na určitú dobu. Zmena pracovného pomeru na určitú dobu na pracovný pomer na neurčitý čas. Ukončenie pracovného pomeru uzatvoreného na určitú dobu.

Saved in:
Bibliographic Details
Main Author: Tichý, Miroslav
Format: Book Chapter
Language:Slovak
Subjects:
Tags: Add Tag
No Tags, Be the first to tag this record!

MARC

LEADER 00000naa a2200000 4500
001 0227398
005 20170222082423.9
041 0 |a slo 
044 |a SK 
245 1 0 |a Pracovný pomer na určitú dobu  |c Miroslav Tichý 
520 |a Pracovný pomer sa zakladá písomnou pracovnou zmluvou, čo všetko má byť jej obsahom. Pracovný pomer na určitú dobu. Zmena pracovného pomeru na určitú dobu na pracovný pomer na neurčitý čas. Ukončenie pracovného pomeru uzatvoreného na určitú dobu. 
610 2 0 |a pomer pracovný 
610 2 0 |a pomer pracovný na dobu určitú 
610 2 0 |a zmluvy pracovné 
610 2 0 |a skončenie pomeru pracovného 
100 1 |a Tichý, Miroslav